01673cam a22002894a 450000100090000000300040000900500170001300800410003001000170007102000180008802000150010604000180012105000140013908200120015310000230016524501120018825000120030026000450031230000340035750400510039150506030044265000110104570000380105685601060109485600910120085600920129113560583OSt20211219134542.0040415s2005 at a b 001 0 eng  a 2004105766 a9780534625863 a053462586X aDLCcDLCdDLC00aBC50.F63 00a1682211 aFogelin, Robert J.10aUnderstanding arguments: an introduction to informal logic. /cRobert J. Fogelin, Walter Sinnott-Armstrong. a7th ed. aBelmont, CA :bThomson Wadsworth,c2005. axvi, 619 p. :bill. ;c24 cm. aIncludes bibliographical references and index. aContents: 1. The analysis of argument: The web of language -- Rhetoric and evaluation -- The language of argument -- The art of close analysis -- Deep analysis -- The formal analysis of arguments: propositional logic -- The formal analysis of arguments: categorical logic -- The formal analysis of arguments: quantificational logic -- Inductive reasoning -- Taking changes -- Fallacies of clarity -- Fallacies of relevance and vacuity -- Uses of arguments -- 2. Areas of argumentation: Legal reasoning -- Moral reasoning -- Scientific reasoning -- Religious reasoning -- Philosophical reasoning -- 0aLogic.1 aSinnott-Armstrong, Walter,d1955-423Contributor biographical informationuhttp://www.loc.gov/catdir/enhancements/fy1513/2004105766-b.html423Publisher descriptionuhttp://www.loc.gov/catdir/enhancements/fy1513/2004105766-d.html413Table of contents onlyuhttp://www.loc.gov/catdir/enhancements/fy1513/2004105766-t.html